000 00819nam a2200241Ia 4500
003 OSt
005 20221005113326.0
006 a|||||r|||| 00| 0
007 ta
008 221004b |||||||| |||| 00| 0 pan d
020 _a9788130201559 (hbk)
_c150
024 _a26717
037 _b985, 16/12/2015, H.K. Prakashan
_cTextual
040 _aCRL
_cCRL
_bpan
041 _2pan
_apan
082 _aR, 153Q3
100 _aਸਿੰਘ, ਰਾਜਵਿੰਦਰ
245 0 _aਪਰਪੰਚਵਾਦ ਅਤੇ ਅਸਤਿਤਵਵਾਦ
260 _aਪਟਿਆਲਾ
_bਪਬਲੀਕੇFਨ ਬਿਊਰੋ ਭਾਰਤ
_c2013
300 _a91ਪੰ
_ccm.
942 _hR, 153Q3
_cTEXL
_2cc
999 _c1027805
_d1027805